000 00507nam a2200181Ia 4500
999 _c15036
_d15036
003 OSt
005 20201110110222.0
008 190216s9999||||xx |||||||||||||| ||und||
020 _a0521547709
040 _coclc
082 _a421.52
_bHAN/E
100 _aHancock, Mark
_96374
245 0 _aEnglish Pronunciation In Use /
_cMark Hancock
260 _bCambridge Uty Press,
_c2003.
_aLondon:
300 _a200p
650 _aEnglish
942 _cBK
_2ddc
_h421.52
_iHAN/E
_k421.52
_mHAN/E